[Event "2nd Gujarat Open 2019"]
[Site "Ahmedabad, Gujarat"]
[Date "2019.09.25"]
[Round "5.15"]
[White "Siddharth, Jagadeesh"]
[Black "Zia, Tahsin Tajwar"]
[Result "0-1"]
[WhiteElo "2362"]
[BlackElo "2142"]
[Annotator "TA"]
[PlyCount "108"]
[EventDate "2019.09.22"]
[EventCountry "IND"]
[SourceTitle "playchess.com"]
[Source "ChessBase"]
[SourceQuality "1"]

{[%evp 14,107,7,0,0,0,0,-8,28,0,7,0,0,0,0,-17,0,-112,-97,-89,-93,-173,-181,-197,-173,-235,-238,-242,-220,-252,-229,-271,-251,-283,-255,-273,-266,-326,-283,-350,0,-293,-296,-293,-285,-266,-274,-356,-26,-32,0,-350,-256,-382,-269,-277,-182,-236,-183,-180,-125,-132,-115,-126,-108,-258,-245,-362,-389,-403,-393,-392,-362,-605,-618,-569,-435,-415,-414,-633,-626,-788,-768,-2809,-2543,-4097,-3039,-29986,-29986,-29989,-29990,-29990,-29989,-29991,-29992,-29999]} 1. Nf3 e6 2. g3 Nf6 3. Bg2 d5 4. d4 b5 5. a4 b4 6. c4 {A46: 1 d4 Nf6 2 Nf3 e6: Torre, London and Colle Systems} bxc3 7. Nxc3 Bb4 8. O-O {LiveBook: 5 Games. The position is equal.} a5 $146 ({Predecessor:} 8... O-O 9. Qc2 Nbd7 10. Bf4 Ba6 11. Nb5 Bxb5 12. axb5 Bd6 {1-0 (49) Adly,A (2636)-Bellahcene,B (2550) Casablanca 2019}) 9. Bf4 c6 10. Rc1 Bb7 11. Ne5 O-O 12. Na2 Bd6 13. Qb3 Ba6 14. Bf3 (14. Rc2 {keeps more tension.} Qe7 15. Rfc1 Rc8 16. Qf3 h6 17. h4) 14... Bxe5 (14... Qe7 {with more complications.} 15. Qc3 Bb7 16. e3 Rc8 17. Rfd1 h6) 15. dxe5 (15. Bxe5 $11 Bc4 16. Qa3) 15... Nfd7 $17 16. Qe3 c5 17. Bg5 (17. Nc3 $17 {was called for.}) 17... Qe8 $19 18. Bg2 Nc6 19. f4 (19. Rfd1 $142) 19... Nd4 20. Nc3 Rb8 21. Rb1 Rb3 22. Qd2 Nb6 23. Rf2 Nc4 ({Don't play} 23... Nxa4 24. Nxa4 Qxa4 25. Qe1 $19) 24. Qc1 h6 25. Bh4 {intending e4.} Nf5 26. Qc2 Nd4 27. Qc1 $1 Rb4 28. g4 Nb3 29. Qe1 Ne3 30. Bh3 Nc2 $2 (30... Qc6 $19 {...Bb7 is the strong threat.} 31. Nb5 Bxb5 32. axb5 Qxb5) 31. Qd1 $11 Ne3 $2 {[%mdl 8192]} (31... Ncd4 $15) 32. Qe1 $19 Rd4 33. Nd1 (33. Bg3 {was worth a try.}) 33... Nxd1 34. Rxd1 Rxa4 35. Qc3 (35. Bg2 $142) 35... Qb5 36. g5 {next gxh6 is good for White.} hxg5 (36... Nd4 $19 37. Bf1 hxg5 38. Bxg5 Qb3 39. Qxb3 Nxb3) 37. Bxg5 $17 Nd4 38. Bg4 Qb3 $36 {[%mdl 2048] Black is really pushing.} 39. Qd2 (39. Qxb3 $17 Nxb3 40. Rg2) 39... Nc6 $19 {[%cal Bd4c6,Bc6e5,Be5c4][%mdl 32]} 40. e3 {[#]} (40. Rf3 $142 Qb4 41. Rg3) 40... Nxe5 $1 {[%mdl 576] Pin} 41. Be2 (41. fxe5 Rxg4+) 41... Bxe2 42. Qxe2 Nc4 43. Rd3 $2 (43. f5 exf5 44. Rxf5) 43... Ra1+ 44. Kg2 Qb7 45. Bf6 {Strongly threatening Qg4.} d4+ $1 {[%mdl 64] [#] Discovered Attack} 46. Kh3 (46. e4 $142 Ne3+ 47. Rxe3 dxe3 48. Qxe3) 46... Qe4 47. Qg4 {[%csl Gf6][%cal Rg4g7]} Qh7+ 48. Bh4 Qxd3 49. Rg2 Qh7 50. e4 Ne3 {[%mdl 64] Double Attack. Black mates.} 51. Qg3 Nxg2 52. Qxg2 Re1 53. e5 Re3+ 54. Kg4 Qf5# {Accuracy: White = 37%, Black = 67%.} 0-1

[Event "2nd Gujarat Open 2019"]
[Site "Ahmedabad, Gujarat"]
[Date "2019.09.25"]
[Round "5.16"]
[White "Nitin, S.."]
[Black "Kiran, Manisha Mohanty"]
[Result "0-1"]
[WhiteElo "2361"]
[BlackElo "2102"]
[Annotator "TA"]
[PlyCount "108"]
[EventDate "2019.09.22"]
[EventCountry "IND"]
[SourceTitle "playchess.com"]
[Source "ChessBase"]
[SourceQuality "1"]

{[%evp 9,108,9,9,16,27,21,25,8,16,20,33,29,35,32,20,23,21,15,15,12,20,16,31,26,16,14,16,13,30,35,40,35,42,29,108,56,56,51,48,45,49,49,34,47,34,40,51,51,41,0,8,1,25,13,75,29,128,131,165,150,171,204,197,198,195,203,182,154,361,343,297,297,227,183,187,191,423,422,400,421,404,372,272,0,12,0,0,0,0,0,0,0,0,0,0,-138,-145,-1408,-760,-29972,-6083]} 1. e4 c5 2. Nf3 d6 3. d4 cxd4 4. Qxd4 a6 5. h3 Nc6 6. Qe3 {B53: Sicilian: 2...d6: Lines with Qxd4} g6 7. Be2 Bg7 8. O-O {White has an edge.} Nf6 9. c4 (9. Rd1 Nd7 10. c4 O-O 11. Nc3 Nde5 12. Nxe5 Nxe5 {½-½ (146) Harikrishna,P (2730)-Andriasian,Z (2604) chess.com INT 2019}) 9... O-O 10. Nc3 Rb8 11. Rd1 Nd7 12. Rb1 Qb6 13. Nd5 $146 ({Predecessor:} 13. Qxb6 Nxb6 {0-1 (44) Kejzar,P (2013)-Doluhanova,E (2270) Rijeka 2017}) 13... Qxe3 14. Bxe3 Nf6 15. Nc3 Nd7 16. Nd4 $36 {[%mdl 2048] White has good play.} Nxd4 17. Bxd4 Bxd4 18. Rxd4 Ne5 19. f4 Nc6 20. Rd2 Be6 21. Nd5 b5 {[#]} (21... Kg7 $11) 22. cxb5 (22. Rc1 $1 $16 bxc4 23. Rxc4 (23. Bxc4 a5 $14) 23... Bxd5 24. exd5) 22... axb5 $14 23. Rc1 Bxd5 $1 24. exd5 Nb4 25. a3 Na6 26. b4 {Threatens to win with Rc6.} Rb7 27. Rdc2 Kg7 28. Rc6 Ra8 29. R1c3 Raa7 30. Re3 h6 31. Rc8 h5 (31... Kf6 $11) 32. g4 (32. f5 $5) 32... h4 (32... Nc7 $11 {keeps the balance.}) 33. g5 $16 Nc7 34. Rxe7 Nxd5 35. Rxb7 Rxb7 $18 {[%mdl 4096] Endgame KRB-KRN} 36. Bf3 Rc7 37. Rxc7 Nxc7 {KB-KN} 38. Kf2 Kf8 $2 (38... f5 $16) 39. Be2 Ke7 40. Kf3 Ke6 41. Kg4 Kd5 42. f5 {Strongly threatening fxg6.} ({But not} 42. Kxh4 $6 Ke4 $16) 42... Ke4 $2 (42... Kd4 43. Bd1 (43. Kxh4 gxf5 44. Bh5 f4 $11) 43... Kc3) 43. fxg6 fxg6 {[#]} 44. Bd1 $1 Kd3 45. Kxh4 d5 46. Kg4 $2 (46. Kg3 $18) 46... d4 47. Bb3 {aiming for Bf7.} Kc3 $1 {[%cal Rc3b3]} 48. Bd1 $1 (48. Bf7 $2 d3 $19) 48... Kd2 49. Bb3 Kc3 50. Bd1 $1 ({Don't go for} 50. Bf7 $2 d3 $19) 50... Kd2 51. Bf3 {And now Be4 would win.} d3 {White must now prevent ...Kc1.} 52. Be4 (52. h4 $1 $11) 52... Kc3 $17 {...Ne6 is the strong threat.} 53. Kf3 $2 {[%mdl 8192]} (53. h4 $17) 53... Ne6 54. Bxg6 d2 {Accuracy: White = 56%, Black = 60%.} 0-1

[Event "2nd Gujarat Open 2019"]
[Site "Ahmedabad, Gujarat"]
[Date "2019.09.25"]
[Round "5.17"]
[White "Manush Shah"]
[Black "Barath Kalyan M"]
[Result "1-0"]
[WhiteElo "2352"]
[BlackElo "2092"]
[Annotator "TA"]
[PlyCount "89"]
[EventDate "2019.09.22"]
[EventCountry "IND"]
[SourceTitle "playchess.com"]
[Source "ChessBase"]
[SourceQuality "1"]

{[%evp 12,89,0,-12,-4,-15,-8,-28,0,-4,0,-19,-7,-17,-4,-38,-13,-37,-29,-29,-24,-64,-55,-72,-22,-36,-30,-32,-17,-15,0,-24,0,-17,-9,-43,-23,-75,-70,-73,0,0,0,0,0,0,0,0,0,-42,-41,-66,30,30,30,31,31,31,41,49,54,31,56,34,33,22,38,38,39,0,0,0,0,0,2,2,45,45,59,53]} 1. d4 a6 2. c4 e6 3. Nf3 d5 4. e3 Nf6 5. cxd5 exd5 6. Nc3 Bd6 7. Bd3 O-O {D31: Queen's Gambit Declined: Semi-Slav without ...Nf6 (+ Marshall Gambit and Noteboom) and Exchange Variation lines without ...Nf6} 8. O-O Re8 9. Qc2 Nc6 {[%cal Bb8c6,Bc6a7,Ba7b5][%mdl 32] Black has an edge.} 10. a3 Bg4 11. Nd2 Bh5 12. h3 Bg6 13. b4 Qe7 14. Nb3 Na7 15. Nc5 c6 $146 16. Re1 Nb5 17. Bd2 b6 18. Bxg6 hxg6 19. Nd3 Nxc3 20. Bxc3 Ne4 21. Bb2 Rec8 22. Rac1 a5 {[%cal Ra5b4]} 23. bxa5 Rxa5 24. a4 (24. f3 $11 {remains equal.} Ng3 25. a4) 24... c5 $17 25. f3 {[#]} Ng5 (25... Nf6 $1 $17) 26. dxc5 $11 Bxc5 27. Nxc5 Raxc5 28. Qd3 Qd6 29. f4 Ne4 30. Qd4 {[%csl Gb2][%cal Rd4g7] [#]} f6 31. Red1 {And now Ba3 would win.} Rc4 ({Black should try} 31... Qe6 $15) 32. Rxc4 Rxc4 33. Qxd5+ Qxd5 34. Rxd5 {[%mdl 4096] Endgame Threatens to win with Rd4. KRB-KRN} Nc5 35. Bd4 {a5! is the strong threat.} Nxa4 36. Rd8+ Kh7 37. Rd7 {Strongly threatening Bxf6.} Kg8 38. g4 Rc6 39. Kg2 Nc5 40. Bxc5 bxc5 41. Kf3 c4 42. Ke4 c3 43. Rd1 Re6+ 44. Kd3 Rd6+ 45. Kc2 {Accuracy: White = 39%, Black = 48%.} 1-0

[Event "2nd Gujarat Open 2019"]
[Site "Ahmedabad, Gujarat"]
[Date "2019.09.25"]
[Round "5.18"]
[White "Sahoo, Utkal Ranjan"]
[Black "Kishan, Gangolli"]
[Result "1-0"]
[WhiteElo "2329"]
[BlackElo "2089"]
[Annotator "TA"]
[PlyCount "93"]
[EventDate "2019.09.22"]
[EventCountry "IND"]
[SourceTitle "playchess.com"]
[Source "ChessBase"]
[SourceQuality "1"]

{[%evp 10,93,-9,-22,-13,-17,-2,-31,-33,-56,-28,-132,-127,-133,-136,-126,-135,-202,-190,-206,-193,-313,-325,-306,-278,-289,-198,-208,-201,-213,-53,-57,-49,-66,94,-128,-115,-218,-193,-163,-89,-105,0,-85,-83,-76,-87,-145,-97,-103,-72,-76,0,-93,-36,-51,-38,-88,-77,-78,-22,-32,-40,-22,-24,-65,0,0,63,73,121,127,171,101,101,114,173,152,168,175,191,188,831,808,894,820]} 1. e4 e6 2. d3 d5 3. Qe2 Be7 4. e5 (4. Nf3 Nf6 5. g3 c5 6. Bg2 Nc6 7. O-O b6 8. e5 Nd7 9. c4 dxc4 10. dxc4 Bb7 11. Nc3 h6 12. Rd1 a6 13. h4 Qc7 14. h5 O-O-O 15. Bf4 g5 16. hxg6 fxg6 17. Nd5 Qb8 18. Bh3 exd5 {1-0 (34) Carlsen,M (2834)-Gorozhanin,M (2435) chess.com INT 2018}) 4... c5 5. Nf3 Nc6 6. g3 {LiveBook: 6 Games. C00: French: Unusual White 2nd moves} g5 7. h3 h5 8. Bg2 {The position is equal.} Nh6 9. Nbd2 $146 ({Predecessor:} 9. c3 Nf5 10. g4 hxg4 11. hxg4 Rxh1+ 12. Bxh1 {1-0 (59) Capucci,M (2244)-Rom,J (2542) Dos Hermanas 2004}) 9... Qc7 10. g4 (10. Nb3 $11) 10... hxg4 11. hxg4 Bd7 $1 12. Nb3 O-O-O 13. Nxg5 (13. Bxg5 $17 Bxg5 14. Nxg5 Nxe5 15. Nxc5) 13... Nxe5 $19 14. f3 Ng6 15. Nh3 (15. Be3 {might work better.}) 15... c4 16. Nd2 cxd3 17. cxd3 Bh4+ 18. Kd1 Kb8 19. Nb3 Rc8 $2 (19... e5 $19 {...Ba4 is the strong threat.} 20. Be3 f5) 20. Be3 $1 $15 Ba4 {Hoping for ...Qa5.} 21. Rc1 Qd7 $2 (21... Qd6 $15) 22. Rxc8+ $2 (22. Nf4 $1 $16 {[%cal Rf4g6] is necessary to keep the advantage. Threatens to win with Nxg6.} Ng8 23. Rxc8+ Qxc8 24. Nxg6 fxg6 25. Bg5 $1 {[%mdl 576] Decoy} Bxg5 26. Qe5+ {[%mdl 64] Double Attack} Qc7 27. Qxc7+ Kxc7 28. Rxh8) 22... Rxc8 $17 23. Qd2 (23. d4 $17) 23... Bxb3+ 24. axb3 Qb5 (24... Ng8 $19 {And now ...d4 would win.} 25. Nf4 N8e7 26. Nxg6 Nxg6) 25. Ke2 {[#]} (25. Bxh6 $2 Qxb3+ 26. Ke2 Rc2 $19) 25... Qxb3 (25... Ng8 $1 $17 26. Ra1 b6) 26. Rc1 ({Don't blunder} 26. Bxh6 $2 Rc2 $19) (26. Ra1 $1 $11) 26... Rxc1 27. Qxc1 {[#]} Ng8 $1 28. Ng5 ({White should try} 28. f4) 28... Bxg5 29. Bxg5 f6 30. Be3 Ne5 (30... N8e7 $17) 31. Qd2 (31. Qc5 $1 $11 {remains equal.}) 31... Nc6 (31... Ne7 $17) 32. f4 $15 Nge7 33. g5 fxg5 34. fxg5 Nf5 (34... Kc7 $17) 35. Bf4+ e5 36. Bh2 Nh4 37. Bh1 {next Qc3 is good for White.} Qa4 (37... Kc7 $15) 38. d4 $11 Qa6+ ({Reject} 38... Qxd4 $6 39. Qxd4 Nxd4+ 40. Kf2 $16) (38... Ka8 $11 39. Bxe5 Nxe5 40. dxe5 Qg4+ 41. Kf2 d4) 39. Kf2 $14 Qb6 40. Bxd5 {Strongly threatening Be4.} Ng6 41. Bxc6 (41. Be4 $18 Nce7 42. Ke1) 41... bxc6 $16 42. Kg2 Qd8 (42... Qb3 $16 43. Bxe5+ (43. dxe5 Nh4+ 44. Kf2 Qf3+ 45. Kg1 Qg4+ 46. Kf2 Qg2+ {[%mdl 64] Double Attack} 47. Ke3 Nf5+ 48. Kd3 Qd5+ 49. Kc3 Qc5+ 50. Kd3 Qd5+ 51. Kc3 Qc5+ 52. Kd3 Qd5+ $11) 43... Kc8) 43. Bxe5+ $18 Ka8 44. Qe3 Qd5+ 45. Kf2 Nh4 $2 (45... Qe6 46. Qf3 Kb7) 46. Qh3 {[%cal Rh3c8]} Kb7 47. Qxh4 {Accuracy: White = 40%, Black = 31%.} 1-0

[Event "2nd Gujarat Open 2019"]
[Site "Ahmedabad, Gujarat"]
[Date "2019.09.25"]
[Round "5.19"]
[White "Pranav Vijay"]
[Black "Satkar, Chirag"]
[Result "1-0"]
[WhiteElo "2265"]
[BlackElo "2052"]
[Annotator "ChessBase"]
[PlyCount "97"]
[EventDate "2019.09.22"]
[EventCountry "IND"]
[SourceTitle "playchess.com"]
[Source "ChessBase"]
[SourceQuality "1"]
[TimeControl "5400+30"]

1. e4 {[%emt 0:06:23]} e5 {[%emt 0:00:01]} 2. Nf3 {[%emt 0:00:08]} Nc6 {[%emt 0:00:16]} 3. Bb5 {[%emt 0:00:07]} a6 {[%emt 0:00:10]} 4. Ba4 {[%emt 0:00:06]} Nf6 {[%emt 0:00:04]} 5. O-O {[%emt 0:00:09]} Be7 {[%emt 0:00:09]} 6. d3 {[%emt 0:00:37]} b5 {[%emt 0:02:53]} 7. Bb3 {[%emt 0:00:07]} O-O {[%emt 0:00:38]} 8. Nc3 {[%emt 0:00:08]} d6 {[%emt 0:01:17]} 9. a3 {[%emt 0:00:22]} h6 {[%emt 0:07:25]} 10. h3 {[%emt 0:03:37]} Be6 {[%emt 0:05:08]} 11. Nd5 {[%emt 0:03:15]} Qd7 {[%emt 0:13:55]} 12. Re1 {[%emt 0:04:40]} Rfe8 {[%emt 0:06:58]} 13. Bd2 {[%emt 0:02:15]} Nd8 {[%emt 0:03:59]} 14. c4 {[%emt 0:02:13]} Rb8 {[%emt 0:01:08]} 15. Rc1 {[%emt 0:05:53]} c6 {[%emt 0:03:05]} 16. Ne3 {[%emt 0:01:25]} Nb7 {[%emt 0:02:59]} 17. cxb5 {[%emt 0:01:16]} axb5 {[%emt 0:01:01]} 18. Bxe6 {[%emt 0:00:47]} fxe6 {[%emt 0:00:30]} 19. b4 {[%emt 0:00:30]} Ra8 {[%emt 0:00:30]} 20. Qb3 {[%emt 0:00:30]} Bd8 {[%emt 0:00:30]} 21. Rc2 {[%emt 0:00:30]} Bb6 {[%emt 0:00:30]} 22. Rec1 {[%emt 0:00:30]} Nd8 {[%emt 0:00:30]} 23. Ra2 {[%emt 0:00:30]} Nh5 {[%emt 0:00:30]} 24. Nf1 {[%emt 0:00:30]} Ra4 {[%emt 0:00:30]} 25. Be3 {[%emt 0:00:30]} Qa7 {[%emt 0:00:30]} 26. Bxb6 {[%emt 0:00:30]} Qxb6 {[%emt 0:00:30]} 27. Ne3 {[%emt 0:00:30]} Qa7 {[%emt 0:00:30]} 28. d4 {[%emt 0:00:30]} exd4 {[%emt 0:00:30]} 29. Nf5 {[%emt 0:00:30]} Qd7 {[%emt 0:00:30]} 30. N5xd4 {[%emt 0:00:30]} Nf4 {[%emt 0:00:30]} 31. Ne2 {[%emt 0:00:30]} Nxe2+ {[%emt 0:00:30]} 32. Rxe2 {[%emt 0:00:30]} Kh8 {[%emt 0:00:30]} 33. e5 {[%emt 0:00:30]} d5 {[%emt 0:00:30]} 34. Rc3 {[%emt 0:00:30]} Qa7 {[%emt 0:00:30]} 35. Ne1 {[%emt 0:00:30]} Rf8 {[%emt 0:00:30]} 36. Nc2 {[%emt 0:00:30]} Ra6 {[%emt 0:00:30]} 37. Rd2 {[%emt 0:00:30]} Rf4 {[%emt 0:00:30]} 38. Rf3 {[%emt 0:00:30]} Rxf3 {[%emt 0:00:30]} 39. Qxf3 {[%emt 0:00:30]} Kg8 {[%emt 0:35:18]} 40. Qc3 {[%emt 0:42:39]} c5 {[%emt 0:06:24]} 41. bxc5 {[%emt 0:00:55]} Rc6 {[%emt 0:00:03]} 42. Nd4 {[%emt 0:02:56]} Rxc5 {[%emt 0:00:58]} 43. Qe3 {[%emt 0:00:11]} Qc7 {[%emt 0:03:51]} 44. Rb2 {[%emt 0:01:03]} Nf7 {[%emt 0:02:10]} 45. Nxe6 {[%emt 0:03:06]} Rc1+ {[%emt 0:00:41]} 46. Kh2 {[%emt 0:00:01]} Qxe5+ {[%emt 0:00:22]} 47. Qxe5 {[%emt 0:00:11]} Nxe5 {[%emt 0:00:09]} 48. Rxb5 {[%emt 0:00:03]} Nc4 {[%emt 0:01:20]} 49. Rxd5 {[%emt 0:00:37]} 1-0

[Event "2nd Gujarat Open 2019"]
[Site "Ahmedabad, Gujarat"]
[Date "2019.09.25"]
[Round "5.19"]
[White "Pranav Vijay"]
[Black "Satkar, Chirag"]
[Result "*"]
[WhiteElo "2265"]
[BlackElo "2052"]
[Annotator "ChessBase"]
[PlyCount "37"]
[EventDate "2019.09.22"]
[EventCountry "IND"]
[SourceTitle "playchess.com"]
[Source "ChessBase"]
[SourceQuality "1"]
[TimeControl "5400+30"]

1. e4 {[%emt 0:06:23]} e5 {[%emt 0:00:01]} 2. Nf3 {[%emt 0:00:08]} Nc6 {[%emt 0:00:16]} 3. Bb5 {[%emt 0:00:07]} a6 {[%emt 0:00:10]} 4. Ba4 {[%emt 0:00:06]} Nf6 {[%emt 0:00:04]} 5. O-O {[%emt 0:00:09]} Be7 {[%emt 0:00:09]} 6. d3 {[%emt 0:00:37]} b5 {[%emt 0:02:53]} 7. Bb3 {[%emt 0:00:07]} O-O {[%emt 0:00:38]} 8. Nc3 {[%emt 0:00:08]} d6 {[%emt 0:01:17]} 9. a3 {[%emt 0:00:22]} h6 {[%emt 0:07:25]} 10. h3 {[%emt 0:03:37]} Be6 {[%emt 0:05:08]} 11. Nd5 {[%emt 0:03:15]} Qd7 {[%emt 0:13:55]} 12. Re1 {[%emt 0:04:40]} Rfe8 {[%emt 0:06:58]} 13. Bd2 {[%emt 0:02:15]} Nd8 {[%emt 0:03:59]} 14. c4 {[%emt 0:02:13]} Rb8 {[%emt 0:01:08]} 15. Rc1 {[%emt 0:05:53]} c6 {[%emt 0:03:05]} 16. Ne3 {[%emt 0:01:25]} Nb7 {[%emt 0:02:59]} 17. cxb5 {[%emt 0:01:16]} axb5 {[%emt 0:01:01]} 18. Bc4 Bd5 {[%emt 0:00:08]} 19. Bxd5 {[%emt 0:01:17]} *

[Event "2nd Gujarat Open 2019"]
[Site "Ahmedabad, Gujarat"]
[Date "2019.09.25"]
[Round "5.20"]
[White "Shailesh, Dravid"]
[Black "Adarsh Tripathi"]
[Result "1-0"]
[WhiteElo "2299"]
[BlackElo "1915"]
[Annotator "TA"]
[PlyCount "56"]
[EventDate "2019.09.22"]
[EventCountry "IND"]
[SourceTitle "playchess.com"]
[Source "ChessBase"]
[SourceQuality "1"]

{[%evp 15,56,75,78,70,97,92,111,95,104,106,133,100,151,156,165,135,148,141,179,168,228,179,250,137,140,116,268,235,250,245,357,353,319,218,304,305,251,93,110,111,126,111,127]} 1. c4 c5 2. Nc3 Nc6 3. Nf3 g6 4. e3 Bg7 5. d4 d6 6. d5 Nb8 7. Be2 Nf6 8. O-O O-O 9. h3 {E61: King's Indian: Early deviations for White, including Smyslov System} Na6 10. e4 Nc7 11. Bf4 a6 (11... Nd7 12. Qd2 a6 13. a4 Rb8 14. a5 b5 15. axb6 Rxb6 16. Ra3 Ne8 {1-0 (57) Markowski,T (2553)-Socko,B (2629) Opole 2007}) 12. a4 Rb8 13. Qd2 b5 (13... Nd7 $142) 14. cxb5 $16 axb5 15. axb5 Bd7 {[%cal Rd7b5]} 16. e5 Nfe8 {[%cal Rc7b5]} 17. Ra5 $146 dxe5 (17... Rb7 $142 18. Bh6 dxe5 19. Bxg7 Kxg7 20. Nxe5 Nf6) 18. Nxe5 $18 ({Resist} 18. Bxe5 f6) 18... Nd6 (18... Bxe5 $142 19. Bxe5 f6) 19. b6 ({White must play} 19. Nc6 $18 Bxc6 20. dxc6) 19... Rxb6 20. Rxc5 f6 $2 {[#]} (20... Bxe5 $16 21. Bxe5 Qb8) 21. Nc4 Nxc4 22. Bxc4 ({Don't take} 22. Rxc4 $6 Ne8) 22... Na6 (22... Ne8 {was called for.} 23. d6+ Kh8 24. dxe7 Qxe7) 23. d6+ e6 24. Ra5 Rb4 25. Rxa6 Rxc4 {[#]} 26. Bh6 $2 (26. Nd5 $1 $18 {[%mdl 512] and White stays clearly on top.}) 26... Qb8 {White is better.} 27. Bxg7 Kxg7 28. Rfa1 e5 {Accuracy: White = 52%, Black = 32%.} 1-0

[Event "2nd Gujarat Open 2019"]
[Site "Ahmedabad, Gujarat"]
[Date "2019.09.25"]
[Round "5.21"]
[White "Srihari L R"]
[Black "Alekhya Mukhopadhyay"]
[Result "0-1"]
[WhiteElo "2283"]
[BlackElo "1706"]
[Annotator "TA"]
[PlyCount "81"]
[EventDate "2019.09.22"]
[EventCountry "IND"]
[SourceTitle "playchess.com"]
[Source "ChessBase"]
[SourceQuality "1"]

{[%evp 15,81,87,83,67,92,89,103,79,106,95,134,100,137,148,145,129,137,132,173,176,211,193,233,112,158,126,258,222,257,229,354,353,351,242,258,279,244,89,125,122,110,89,94,24,5,0,144,156,150,28,23,22,33,27,24,24,30,38,25,14,447,442,538,536,527,519,480,464]} 1. c4 c5 2. Nc3 Nc6 3. Nf3 g6 4. e3 Bg7 5. d4 d6 6. d5 Nb8 7. Be2 Nf6 8. O-O O-O 9. h3 {E61: King's Indian: Early deviations for White, including Smyslov System} Na6 10. e4 Nc7 11. Bf4 {White is better.} a6 (11... Nd7 12. Qd2 a6 13. a4 Rb8 14. a5 b5 15. axb6 Rxb6 16. Ra3 Ne8 {1-0 (57) Markowski,T (2553)-Socko,B (2629) Opole 2007}) 12. a4 Rb8 13. Qd2 b5 14. cxb5 axb5 15. axb5 Bd7 {[%cal Rd7b5]} 16. e5 Nfe8 {[%cal Rc7b5]} 17. Ra5 $146 dxe5 18. Nxe5 Nd6 {[%cal Rc7b5]} 19. b6 (19. Nc6 $18 Bxc6 20. dxc6) 19... Rxb6 20. Rxc5 f6 (20... Bxe5 $16 21. Bxe5 f6) 21. Nc4 $18 Nxc4 22. Bxc4 ({But not} 22. Rxc4 $6 Ne8 $18) 22... Na6 (22... Ne8 $142 23. d6+ Kh8 24. dxe7 Qxe7) 23. d6+ e6 24. Ra5 Rb4 25. Rxa6 Rxc4 {[#]} 26. Bh6 $2 (26. Nd5 $1 $18 {[%mdl 512] and White stays clearly on top.}) 26... Qb8 27. Bxg7 Kxg7 28. Rfa1 e5 29. Ra7 (29. Ra8 $16 Qxa8 30. Rxa8 Rxa8 31. Qd5) 29... Rf7 $1 $11 30. Ra8 Rd4 (30... Qb4 $11 {remains equal.}) 31. Rxb8 Rxd2 32. Rd1 ({Better is} 32. Ne4 $16 Rd4 33. Nc5 Rxd6 34. b4) 32... Rxd1+ 33. Nxd1 {[%mdl 4096] Endgame KRB-KRN} f5 34. Ne3 Kf6 35. f3 Ke6 36. Nc4 e4 37. f4 Bc6 $2 {[%mdl 8192]} (37... Kd5 $11 {and Black stays safe.} 38. Ne5 Rg7) 38. Ne5 $18 {[%mdl 64] [#] Double Attack. White is clearly winning.} Ra7 39. Nxc6 Ra1+ 40. Kf2 Kxd6 41. Nd4 {[%mdl 32768] Accuracy: White = 48%, Black = 29%. . Loss on time!?} 0-1

[Event "2nd Gujarat Open 2019"]
[Site "Ahmedabad, Gujarat"]
[Date "2019.09.25"]
[Round "5.22"]
[White "Vlassov, Nikolai"]
[Black "Ramakrishna, Perumalla"]
[Result "1-0"]
[WhiteElo "2384"]
[BlackElo "1971"]
[Annotator "TA"]
[PlyCount "47"]
[EventDate "2019.09.22"]
[EventCountry "IND"]
[SourceTitle "playchess.com"]
[Source "ChessBase"]
[SourceQuality "1"]

{[%evp 9,47,5,31,0,6,-35,-21,-35,-24,-38,0,2,36,13,13,15,21,0,7,-5,0,-9,1,-2,-10,-51,0,0,166,158,142,167,210,199,201,184,173,163,195,119]} 1. e4 e5 2. Bc4 Nf6 3. d3 c6 4. Nf3 d5 5. Bb3 a5 {[#] Hoping for ...a4.} 6. c3 {C24: Bishop's Opening: 2...Nf6} ({Wrong is} 6. Nxe5 $2 a4 $19) (6. a3 Bd6 7. exd5 Nxd5 8. O-O O-O 9. Re1 Bg4 10. Nbd2 Nd7 11. h3 Bh5 12. Ne4 Qc7 13. Ng3 Bg6 {0-1 (48) Anand,V (2767)-Yu,Y (2738) Stavanger 2019}) 6... Bd6 7. Bg5 dxe4 8. dxe4 {The position is equal.} O-O $146 ({Predecessor:} 8... h6 9. Bh4 Qe7 10. Nbd2 Bc7 11. Qb1 Nbd7 12. Nc4 Qc5 13. Ne3 a4 14. Bc2 a3 15. O-O axb2 16. Qxb2 Ra3 17. Bb3 Ra7 18. Rfe1 {½-½ (18) Mazzilli,P (2365)-Ortega,L (2491) Bratto 2013}) 9. Nbd2 Qe7 10. Nh4 a4 (10... g6 {looks sharper.} 11. O-O Kg7 12. Nc4 Bc7 13. Qc1 Kg8) 11. Bxa4 (11. Bc2 {with more complications.} Bc7 12. Nf5 Qd8 13. O-O h6 14. Be3) 11... h6 12. Bxf6 Qxf6 13. Nhf3 Nd7 14. Bc2 Nc5 15. Nc4 {[%cal Bd2c4,Bc4e3,Be3d5][%mdl 32]} Bc7 16. Nfd2 Rd8 17. Qf3 Qe7 (17... Qxf3 $15 18. Nxf3 Be6 19. Ncxe5 f6) 18. Ne3 $11 Nd3+ $2 (18... b6 $11 {and Black has nothing to worry.}) 19. Bxd3 $1 $18 {White is clearly better.} Rxd3 20. Nd5 $1 $36 {[%cal Rd5e7][%mdl 2112] [#] Discovered Attack. White is on the roll.} cxd5 21. Qxd3 dxe4 22. Qxe4 f5 23. Qe2 Ra6 24. Nc4 {Accuracy: White = 50%, Black = 42%.} (24. Nf3 $18) 1-0